[Event "TUR-chT 2nd League"]
[Site "Konya"]
[Date "2018.07.22"]
[Round "9.10"]
[White "Bozkurt, Serkan"]
[Black "Kara, Kutsal Kuzey"]
[Result "1-0"]
[WhiteElo "1610"]
[BlackElo "1258"]
[PlyCount "74"]
[EventDate "2018.07.16"]
[EventType "team-swiss"]
[EventRounds "9"]
[EventCountry "TUR"]
[SourceTitle "EXT 2019"]
[Source "ChessBase"]
[SourceDate "2018.10.10"]
[SourceVersion "1"]
[SourceVersionDate "2018.10.10"]
[SourceQuality "1"]
[WhiteTeam "Gulbahcesi Egitim"]
[BlackTeam "Marmara Universitesi"]
[WhiteTeamCountry "TUR"]
[BlackTeamCountry "TUR"]

1. d4 Nf6 2. Nf3 e6 3. g3 c5 4. Bg2 Nc6 5. 0-0 Be7 6. c4 cxd4 7. Nxd4 0-0 8. Nc3 a6 9. Nxc6 bxc6 10. Qb3 Qc7 11. Rd1 Rb8 12. Qc2 Bb7 13. e4 c5 14. h3 Ne8 15. e5 Bxg2 16. Kxg2 f5 17. Qa4 d6 18. Qxa6 Rb6 19. Qa4 Rb4 20. Qa6 Rb6 21. Qa5 Qb7+ 22. Kg1 dxe5 23. Rd7 Qxd7 24. Qxb6 f4 25. g4 Rf6 26. Qb3 Rh6 27. Ne2 Nf6 28. a4 Ne4 29. Ra3 Bh4 30. f3 Bf2+ 31. Kg2 Ng5 32. Kxf2 Rxh3 33. Qb8+ Kf7 34. Qxe5 Qd1 35. Qxf4+ Ke8 36. Qb8+ Kf7 37. Bxg5 Rh2+ 1-0

[Event "TUR Cup										"]
[Site "Antalya"]
[Date "2018.02.01"]
[Round "9"]
[White "Yilmazel, Sinem"]
[Black "Bozkurt, Serkan"]
[Result "0-1"]
[WhiteElo "1324"]
[BlackElo "1593"]
[PlyCount "80"]
[EventDate "2018.01.27"]
[EventType "swiss"]
[EventRounds "11"]
[EventCountry "TUR"]
[SourceTitle "CBM 182 Extra"]
[Source "ChessBase"]
[SourceDate "2018.02.23"]
[SourceVersion "1"]
[SourceVersionDate "2018.02.23"]
[SourceQuality "1"]

1. e4 e6 2. d4 d5 3. exd5 exd5 4. Bd3 Nf6 5. Nf3 Bg4 6. Bg5 Be7 7. Nbd2 0-0 8. 0-0 Nbd7 9. c3 c5 10. h3 Bh5 11. Qc2 Bg6 12. Bxg6 hxg6 13. Rfe1 Re8 14. Re3 cxd4 15. cxd4 Qb6 16. Rae1 Rec8 17. Qb3 Bd6 18. Qxb6 Nxb6 19. Bxf6 gxf6 20. b3 Rc2 21. a4 Bb4 22. Re8+ Rxe8 23. Rxe8+ Kg7 24. Nf1 Rb2 25. Rb8 Rxb3 26. Rxb7 Nxa4 27. Rxa7 Nc3 28. Ne3 Bd6 29. g3 Ne2+ 30. Kg2 Nxg3 31. Ra6 Bb8 32. Nxd5 Nh5 33. Ra2 Rb7 34. h4 Rb5 35. Ra8 Bd6 36. Nc3 Nf4+ 37. Kf1 Rb3 38. Rc8 Bb4 39. Rb8 Rxc3 40. Rxb4 Rxf3 0-1

[Event "TUR Cup										"]
[Site "Antalya"]
[Date "2018.01.29"]
[Round "4"]
[White "Kavrut, Adnan"]
[Black "Bozkurt, Serkan"]
[Result "1-0"]
[WhiteElo "1434"]
[BlackElo "1593"]
[PlyCount "104"]
[EventDate "2018.01.27"]
[EventType "swiss"]
[EventRounds "11"]
[EventCountry "TUR"]
[SourceTitle "CBM 182 Extra"]
[Source "ChessBase"]
[SourceDate "2018.02.23"]
[SourceVersion "1"]
[SourceVersionDate "2018.02.23"]
[SourceQuality "1"]

1. d4 Nf6 2. Nf3 c5 3. c3 Qb6 4. Qc2 Nc6 5. e3 d5 6. Be2 g6 7. 0-0 Bg7 8. h3 0-0 9. Nbd2 Bd7 10. Nb3 Bf5 11. Qd1 c4 12. Nbd2 Qc7 13. Nh4 Bd7 14. f4 b5 15. Ndf3 Ne4 16. Qe1 a5 17. Bd2 f6 18. Nh2 e5 19. N4f3 Rae8 20. dxe5 fxe5 21. fxe5 Nxe5 22. Nxe5 Bxe5 23. Nf3 Bg3 24. Qd1 Bxh3 25. gxh3 Bh2+ 26. Kh1 Ng3+ 27. Kg2 Nxf1 28. Qxf1 Re6 29. Kh1 Bd6 30. Qg2 Bc5 31. Nd4 Bxd4 32. Qxd5 Qc6 33. Qxc6 Rxc6 34. cxd4 b4 35. Kg2 c3 36. bxc3 bxc3 37. Rc1 Rfc8 38. Be1 Kf7 39. e4 Kf6 40. Kf3 a4 41. Rc2 h5 42. h4 Ke7 43. d5 Rb6 44. Bxc3 Kd7 45. Ke3 Rb1 46. e5 Rf8 47. Bd3 Rh1 48. Bb5+ Kd8 49. Ba5+ Ke7 50. Bb4+ Kf7 51. Rf2+ Kg7 52. Bxf8+ Kg8 1-0

[Event "TUR Cup										"]
[Site "Antalya"]
[Date "2018.01.28"]
[Round "2"]
[White "Bozkurt, Serkan"]
[Black "Tahaoglu, Erson"]
[Result "1-0"]
[WhiteElo "1593"]
[BlackElo "1422"]
[PlyCount "46"]
[EventDate "2018.01.27"]
[EventType "swiss"]
[EventRounds "11"]
[EventCountry "TUR"]
[SourceTitle "CBM 182 Extra"]
[Source "ChessBase"]
[SourceDate "2018.02.23"]
[SourceVersion "1"]
[SourceVersionDate "2018.02.23"]
[SourceQuality "1"]

1. d4 Nf6 2. Nf3 g6 3. g3 Bg7 4. Bg2 0-0 5. c4 d6 6. 0-0 Nbd7 7. Nc3 e5 8. e4 Re8 9. Re1 c6 10. dxe5 dxe5 11. Qc2 Nc5 12. Be3 Qe7 13. b4 Ncd7 14. b5 Ng4 15. Bc1 Nb6 16. Na4 Nxa4 17. Qxa4 Qc5 18. Re2 Bf8 19. h3 Nh6 20. Be3 Qd6 21. Rd1 Qf6 22. g4 cxb5 23. Qxb5 a6 1-0

[Event "TUR Cup"]
[Site "Antalya"]
[Date "2017.01.31"]
[Round "5"]
[White "Sat, Eray"]
[Black "Bozkurt, Serkan"]
[Result "1-0"]
[WhiteElo "1839"]
[BlackElo "1588"]
[PlyCount "63"]
[EventDate "2017.01.28"]
[EventType "swiss"]
[EventRounds "11"]
[EventCountry "TUR"]
[SourceTitle "CBM 176 Extra"]
[Source "ChessBase"]
[SourceDate "2017.03.02"]
[SourceVersion "1"]
[SourceVersionDate "2017.03.02"]
[SourceQuality "1"]

1. e4 e6 2. d4 d5 3. Nc3 Nf6 4. Bg5 Be7 5. e5 Nfd7 6. Bxe7 Qxe7 7. f4 a6 8. Nf3 c5 9. Qd2 Nc6 10. 0-0-0 b5 11. dxc5 Qxc5 12. Kb1 Nb6 13. Nd4 Bd7 14. Nb3 Qe7 15. Qf2 Na4 16. Ne2 0-0 17. Ned4 Rfb8 18. Nxc6 Bxc6 19. Bd3 a5 20. h4 Nb6 21. Nd4 Bd7 22. g4 a4 23. g5 a3 24. b3 Qc5 25. Qd2 g6 26. Ne2 Nc4 27. Qe1 Qe3 28. h5 Nb2 29. hxg6 h5 30. Rxh5 fxg6 31. Rh6 Nxd1 32. Qh1 1-0

[Event "TUR-ch U20"]
[Site "Canakkale"]
[Date "2016.06.28"]
[Round "3"]
[White "Bozkurt, Serkan"]
[Black "Ozen, Batuhan"]
[Result "0-1"]
[WhiteElo "1501"]
[BlackElo "1932"]
[PlyCount "52"]
[EventDate "2016.06.27"]
[EventType "swiss"]
[EventRounds "9"]
[EventCountry "TUR"]
[SourceTitle "CBM 173 Extra"]
[Source "ChessBase"]
[SourceDate "2016.08.29"]
[SourceVersion "1"]
[SourceVersionDate "2016.08.29"]
[SourceQuality "1"]

1. d4 Nf6 2. Nf3 e6 3. Bf4 b6 4. e3 Bb7 5. Nbd2 Be7 6. Bd3 d6 7. c3 Nbd7 8. e4 h6 9. a4 g5 10. Be3 Ng4 11. h3 Nxe3 12. fxe3 c5 13. c4 Bf6 14. Qb3 Bg7 15. 0-0 h5 16. d5 g4 17. dxe6 fxe6 18. e5 Rh6 19. Ne4 Bxe4 20. Bxe4 Rb8 21. Qd3 gxf3 22. Bg6+ Kf8 23. Qxd6+ Kg8 24. Qxe6+ Kh8 25. Rad1 Qg5 26. Rf2 Nxe5 0-1